00426nam a2200157Ia 4500100002000000490000600020942000700026654001500033245004900048260002800097082001400125300000800139546001200147999001700159952009200176 aTulloch/ Mitch  v1 cBK amicrosoft  aMicrosoft Exchange Server in a Nutshell bOreilly & Ass Incc1999 a5.74bTUL a390 aENGLISH c28026d28026 001040708CRCaCRCEbCRCEd2023-03-17l0o5.74 TULp12414r2023-03-17w2023-03-17yBK